000 01374cab a2200193 4500
001 L136721
008 070219n2007 000 0 eng u
035 _a(Sirsi) u136721
041 0 _aeng
110 2 _aKnight Frank LLP
_95122
245 0 0 _aRental growth will continue to offer Central London office investment performance in 07/08
_h[electronic resource]
260 _aLondon
_bKnight Frank
_c2007
520 _aPredicts that: prime headline rents in the City will increase by 13.6% to £62 50 per sq ft by end Q4 2007 and by a further 8.0% by end of 2008 to £67 50 per sq ft (Q4 2006: £55 00 per sq ft); prime headline rents in the core West End will increase by 16.7% to £105 00 per sq ft by end Q4 2007 and then stabilise throughout 2008 (Q4 2006: £90 00 per sq ft); West End rental growth opportunities will primarily be outside the core in 2008. 2006 saw Victoria benefit from increased rental growth. In 2008, north of Oxford Street will benefit in response to the quality and volume of available supply; and expansion driven demand in the corporate and financial sector will lead to positive net absorption across Central London
590 _aKA
651 4 _aLONDON
690 _aPROPERTY-COMMERCIAL PROPERTY-COMMERCIAL PROPERTY MARKET
856 4 0 _uhttps://www.knightfrank.co.uk/press
_zView the press release at www.knightfrank.co.uk...
942 _n0
999 _c78415
_d78415